Kẻ thành công phải biết lắng nghe

Trình bày những phương pháp, nguyên tắc hành xử giúp cho ta có thể thay đổi hành vi, từ bỏ những thói quen bản năng nhằm tạo nên cho mình một kỹ năng chính để thành công

Wedi'i Gadw mewn:
Manylion Llyfryddiaeth
Prif Awdur: Goulston, Mark
Fformat: Llyfr
Iaith:Undetermined
Cyhoeddwyd: Hà Nội Lao Động - Xã Hội 2011
Pynciau:
Tagiau: Ychwanegu Tag
Dim Tagiau, Byddwch y cyntaf i dagio'r cofnod hwn!
Thư viện lưu trữ: Trung tâm Học liệu Trường Đại học Cần Thơ
LEADER 00886nam a2200205Ia 4500
001 CTU_180599
008 210402s9999 xx 000 0 und d
020 |c 94000 
082 |a 650.13 
082 |b G699 
100 |a Goulston, Mark 
245 0 |a Kẻ thành công phải biết lắng nghe 
245 0 |c Mark Goulston; Kim Diệu (dịch) 
260 |a Hà Nội 
260 |b Lao Động - Xã Hội 
260 |c 2011 
520 |a Trình bày những phương pháp, nguyên tắc hành xử giúp cho ta có thể thay đổi hành vi, từ bỏ những thói quen bản năng nhằm tạo nên cho mình một kỹ năng chính để thành công 
650 |a Business communication,Interpersonal communication,Giao tiếp kinh doanh 
904 |i Thuý Vi 
980 |a Trung tâm Học liệu Trường Đại học Cần Thơ